| Tag |
First Indicator |
Second Indicator |
Subfields |
| LEADER |
00000cam a2200000 a 4500 |
| 001 |
in00002780156 |
| 005 |
20150922120627.0 |
| 008 |
110726s2012 nyuab 001 0 eng |
| 010 |
|
|
|a 2011027360
|
| 020 |
|
|
|a 9781614708711 (hardcover)
|
| 020 |
|
|
|a 1614708711 (hardcover)
|
| 035 |
|
|
|a (OCoLC)ocn733248446
|
| 040 |
|
|
|a DLC
|c DLC
|d UtOrBLW
|
| 043 |
|
|
|a n-us---
|
| 049 |
|
|
|a TXAM
|
| 050 |
1 |
0 |
|a KF2138
|b .N83 2012
|
| 082 |
0 |
0 |
|a 343.7309/25
|2 23
|
| 245 |
0 |
0 |
|a Nuclear regulation in the U.S. :
|b a short history /
|c Emily S. Fisher, editor.
|
| 264 |
|
1 |
|a New York :
|b Nova Science Publishers,
|c [2012]
|
| 264 |
|
4 |
|c ©2012
|
| 300 |
|
|
|a viii, 106 pages :
|b illustrations, maps ;
|c 23 cm.
|
| 336 |
|
|
|a text
|b txt
|2 rdacontent
|
| 337 |
|
|
|a unmediated
|b n
|2 rdamedia
|
| 338 |
|
|
|a volume
|b nc
|2 rdacarrier
|
| 490 |
1 |
|
|a Nuclear materials and disaster research
|
| 500 |
|
|
|a Reports by J. Samuel Walker and Thomas Wellock and from the Nuclear Regulatory Commission.
|
| 500 |
|
|
|a Includes index.
|
| 505 |
0 |
|
|a A short history of nuclear regulation, 1946-2009 / Samuel Walker and Thomas R. Wellock, U.S. -- NRC-Independent regulator of nuclear safety / United States Nuclear Regulatory Commission.
|
| 650 |
|
0 |
|a Nuclear energy
|x Law and legislation
|z United States
|x History.
|
| 650 |
|
0 |
|a Nuclear industry
|x Law and legislation
|z United States
|x History.
|
| 610 |
2 |
0 |
|a U.S. Nuclear Regulatory Commission
|x History.
|
| 700 |
1 |
|
|a Fisher, Emily S.
|
| 710 |
2 |
|
|a U.S. Nuclear Regulatory Commission.
|
| 830 |
|
0 |
|a Nuclear materials and disaster research.
|
| 945 |
|
|
|a PromptCat
|b 30975
|
| 946 |
|
|
|a stk
|
| 947 |
|
|
|a A14835997085
|
| 948 |
|
|
|a cataloged
|b h
|c 2012/10/3
|d c
|e dmitchel
|f 8:50:40 am
|
| 994 |
|
|
|a 92
|b TXA
|
| 999 |
|
|
|a MARS
|
| 999 |
f |
f |
|s f293db95-03a3-3501-8160-e2fb076e2a4a
|i 91863629-e09b-3471-9e57-2a07d5f6d289
|t 0
|
| 952 |
f |
f |
|p normal
|a Texas A&M University
|b College Station
|c Sterling C. Evans Library
|d Evans: Library Stacks
|t 0
|e KF2138 .N83 2012
|h Library of Congress classification
|i unmediated -- volume
|m A14835997085
|
| 998 |
f |
f |
|a KF2138 .N83 2012
|t 0
|l Evans: Library Stacks
|